000 00305nam a22001337a 4500
008 170606b xxu||||| |||| 00| 0 eng d
020 _a0226063119
041 _aeng
080 _a94
100 _a18
101 _aSHH
245 _aFREAK SHOW PRESENTING HUMAN ODDITIES
_cBOGDAN .R
942 _2udc
_cBK
999 _c16121
_d16121